header

Late Ottoman Palestine (Record no. 114394)

MARC details
000 -LEADER
fixed length control field 01556nam a2200361 a 4500
245 00 - TITLE STATEMENT
Title Late Ottoman Palestine
260 ## - PUBLICATION, DISTRIBUTION, ETC. (IMPRINT)
Place of publication London :
Name of publisher I.B. Tauris,
Year of publication 2011.
300 ## - PHYSICAL DESCRIPTION
Number of Pages vi, 310 p.
490 1# - SERIES STATEMENT
Series statement Library of Ottoman studies ;
505 0# - FORMATTED CONTENTS NOTE
Formatted contents note pt. 1. Citizenship, election and social change -- pt. 2. The 'civilizing mission' and center-periphery relationships -- pt. 3. Intellectual responses -- pt. 4. Inter- and Intra-communal relationships.
650 #0 - SUBJECT ADDED ENTRY--TOPICAL TERM
Topical Term Jews
700 1# - ADDED ENTRY--PERSONAL NAME
Personal name Ben-Bassat, Yuval.
Personal name Ginio, Eyal.
856 40 - ELECTRONIC LOCATION AND ACCESS
Uniform Resource Identifier http://site.ebrary.com/lib/rucke/Doc?id=10504512

No items available.

© 2026 Rongo University
Contact us: librarian | system librarian | Rongo university